000 00655nam a2200241Ia 4500
003 OSt
005 20220926002440.0
006 a|||||r|||| 00| 0
007 ta
008 220923b |||||||| |||| 00| 0 eng d
037 _cGeneral Book
040 _aRTL
_cRTL
_beng
041 _2eng
_aeng
082 _aX:9F.2.N8, M6
110 _aIndia, Labour Bureau
245 0 _aSocio economic conditions of women workers in manu
260 _a New Delhi
_bMOP India
_c1986
300 _a65p.
_ccm.
650 _aFull Employment
700 _aIndia, Labour Bureau
942 _hX:9F.2.N8, M6
_cGB
_2CC
999 _c605050
_d605050